000 00995nam a2200217Ia 4500
003 Ost
005 20260507075053.0
008 260507s9999||||xx |||||||||||||| ||und||
020 _a9957402996
040 _cfsecg
041 _aara
082 _a657.42
100 _aالعناتي، رضوان محمد
_eمؤلف
245 0 _aمحاسبة التكاليف :
_bمفاهيم، مبادئ، تطبيقات /
_c رضوان محمد العناتي
260 _aعمان:
_bدار صفاء,
_c2000
300 _a208 صفحة؛
_bإيضاحات ؛
_c24 سم
504 _aالمراجع ص.206
520 _aمقدمة في محاسبة التكاليف، أنواع التكاليف، عناصر التكاليف، قوائم الأعمال، نظام تكاليف أوامر التشغيل، نظام تكاليف مراحل التشغيل، نظريات التكاليف، تطبيقات في محاسبة التكاليف
653 _aمحاسبة التكاليف
942 _cكتاب
999 _c42695
_d42695